Central Library OPAC University of Rajshahi

The construction of reality : (Record no. 28100)

MARC details
000 -LEADER
fixed length control field 00986nam a22002531 4500
001 - CONTROL NUMBER
control field 28100
003 - CONTROL NUMBER IDENTIFIER
rucl marc code BD-RjUL
005 - DATE AND TIME OF LATEST TRANSACTION
control field 20211209051234.0
008 - FIXED-LENGTH DATA ELEMENTS--GENERAL INFORMATION
fixed length control field 140329s1962 enka 001 0 eng
035 ## - SYSTEM CONTROL NUMBER
System control number (BD-RjUL)28181
System control number (OCoLC)1610112
040 ## - CATALOGING SOURCE
Original cataloging agency DLC
Transcribing agency AMobU
Modifying agency BD-RjUL
Language of cataloging eng
041 ## - LANGUAGE CODE
Language code of text/sound track or separate title eng
082 04 - DEWEY DECIMAL CLASSIFICATION NUMBER
Edition number 20
Classification number 191
Author mark and year ZAC 1962
100 1# - MAIN ENTRY--PERSONAL NAME
Personal name Zanstra, Herman
Fuller form of name (Herman)
9 (RLIN) 86149
245 14 - TITLE STATEMENT
Title The construction of reality :
Remainder of title lectures on the philosophy of science, theory of knowledge, and the relation between body, mind, and personality /
Statement of responsibility, etc. Herman Zanstra, Given under the auspices of the Philosophy Department of the University of Michigan as weekly lectures during the second semester of 1959/1960. With a commentary by James F. Ross.
260 ## - PUBLICATION, DISTRIBUTION, ETC. (IMPRINT)
Place of publication, distribution, etc. Oxford ; New York :
Name of publisher, distributor, etc. Pergamon Press,
Date of publication, distribution, etc. c1962.
300 ## - PHYSICAL DESCRIPTION
Pagination 139 p. :
Illustrations illus. ;
Size 19 cm.
504 ## - BIBLIOGRAPHY, ETC. NOTE
Bibliography, etc Includes index.
650 #0 - SUBJECT ADDED ENTRY--TOPICAL TERM
Topical term or geographic name as entry element Reality.
9 (RLIN) 86150
942 ## - ADDED ENTRY ELEMENTS (KOHA)
Source of classification or shelving scheme Dewey Decimal Classification
Koha item type Books
Holdings
Lost status Source of classification or shelving scheme Damaged status Not for loan Collection code Permanent Location Current Location Shelving location Date acquired Source of acquisition Cost, normal purchase price Total Checkouts Full call number Date last seen Copy number Koha item type
  Dewey Decimal Classification     Non-fiction Central Library, University of Rajshahi Central Library, University of Rajshahi   01/11/1965 Zetlinger 21.00   191 ZAC 1962 29/03/2014 C-2 Books
  Dewey Decimal Classification     Non-fiction Central Library, University of Rajshahi Central Library, University of Rajshahi   01/11/1965 Zetlinger 21.00   191 ZAC 1962 29/03/2014 C-3 Books
  Dewey Decimal Classification     Non-fiction Central Library, University of Rajshahi Central Library, University of Rajshahi   13/05/1968 Zetlinger 24.00   191 ZAC 1962 29/03/2014 C-4 Books